000 00340pab a2200145 454500
008 180718b1986 xxu||||| |||| 00| 0 eng d
100 _aSethi, J.D.
245 _aDemocratic socialism, marxism and Soviet expansionism
260 _c1986
300 _a8-10
362 _a13 Apr.
650 _aMarxism
773 _aJanata
909 _a13272
999 _c13272
_d13272